| 000 | 00550nam a2200181Ia 4500 | ||
|---|---|---|---|
| 999 |
_c11198 _d11198 |
||
| 003 | OSt | ||
| 005 | 20191227115331.0 | ||
| 008 | 190216s9999||||xx |||||||||||||| ||und|| | ||
| 020 | _a9788180697517 | ||
| 040 | _coclc | ||
| 082 |
_a304.209543 _bTRI/E |
||
| 100 |
_aTrivedi, Venu _9836 |
||
| 245 | 0 |
_aEnvironment And Social Concerns / _cVenu Trivedi ; V K Shrivastava |
|
| 260 |
_bConcept Publications, _c2011. _aNew Delhi: |
||
| 300 | _a184p | ||
| 650 | _aEconomics | ||
| 942 |
_cBK _2ddc _h304.209543 _iTRI/E _k304.209543 _mTRI/E |
||